| 000 | 00468pam a2200157a 44500 | ||
|---|---|---|---|
| 008 | 230515b1994 xxu||||| |||| 00| 0 eng d | ||
| 020 | _a0 19 857764 8 | ||
| 041 | _aENGLISH | ||
| 082 | _a581.3 1 | ||
| 100 | _aSMITH C J GALLON J & CHIATANTE D | ||
| 245 | _aBIOCHMICAL MECHANISM INVOLVED IN PLANT GROWTH REGULATIONS | ||
| 250 | _aI | ||
| 260 |
_a _bOXFORD UNIVERSITY _c1994 |
||
| 300 | _aXV+282 | ||
| 650 | _aBIOCHMICAL MECHANISM INVOLVED IN PLANT GROWTH REGULATIONS | ||
| 999 |
_c566327 _d566327 |
||